000 00422nam a2200169Ia 4500
008 230711s9999||||xx |||||||||||||| ||und||
020 _a978-93-5014-042-0
041 _aENG
082 _a629.2
_bGI-A
100 _aGill,P.S
245 2 _aA textbook of automobile engineering-1
250 _a1st Ed.
260 _c2010
_aNew Delhi
_bS.K Kataria & Sons
300 _a761
650 _aMechanical Engineering
942 _cBK
999 _c5095
_d5095